Normal view
MARC view
Entry Personal Name
001 - CONTROL NUMBER
- control field: 13752
003 - CONTROL NUMBER IDENTIFIER
- control field: BD-RjUL
005 - DATE AND TIME OF LATEST TRANSACTION
- control field: 20241008145957.0
008 - FIXED-LENGTH DATA ELEMENTS
- fixed length control field: 241008|| aca||aabn | a|a d
040 ## - CATALOGING SOURCE
- Original cataloging agency: BD-RjUL
- Transcribing agency: BD-RjUL
100 ## - HEADING--PERSONAL NAME
- Personal name: হক, আবদুল
- Titles and other words associated with a name: ১৯১৮-১৯৯৭
- General subdivision: সমালোচনা ও ব্যাখা
670 ## - SOURCE DATA FOUND
- Source citation: Work cat.: (BD-RjUL)84093: ইসলাম, মোঃ রবিউল 13751, আবদুল হকের প্রবন্ধে বাঙালির আত্মপরিচয় ;, ২০২০